00322 a2200133 450000100060000002000150000604000260002110000170004724000410006424500360010530000070014136200090014865000310015749483 a8532210449 cAnchieta - Bela Vista aDansa, Luiza10aO mundo encantado de Papai Noellpor10aO mundo encantado de Papai Noel a190 a1998 4aLiteratura infanto-juvenil